Calciatori Napoli 2007-2026 (Mercato Invernale) - Statistics

Statistiche generali
  • Questo quiz è stato fatto 1.459 volte
    7 dall'ultimo reset
  • Il punteggio medio è 99 su 188
Statistiche sulle risposte
Ruolo Nazionalità Giocatore % Corretto
P Italia Alex Meret
100%
P Argentina Mariano Andújar
100%
P Italia Morgan De Sanctis
100%
P Spagna Pepe Reina
100%
P Brasile Rafael
100%
A Algeria - Francia Adam Ounas
83%
A Brasile Alisson Santos
83%
A Germania Amin Younes
83%
A Polonia Arkadiusz Milik
83%
P Colombia David Ospina
83%
A Belgio Dries Mertens
83%
A Colombia Duván Zapata
83%
A Uruguay Edinson Cavani
83%
A Cile Eduardo Vargas
83%
A Argentina Ezequiel Lavezzi
83%
A Spagna Fernando Llorente
83%
A Macedonia Goran Pandev
83%
A Messico Hirving Lozano
83%
A Spagna José María Callejón
83%
A Italia Lorenzo Lucca
83%
A Italia Manolo Gabbiadini
83%
A Italia Matteo Politano
83%
P Italia Nikita Contini
83%
A Olanda Noa Lang
83%
P Grecia Orestīs Karnezīs
83%
D Colombia Pablo Armero
83%
A Danimarca Rasmus Højlund
83%
A Belgio Romelu Lukaku
83%
P Serbia Vanja Milinković-Savić
83%
A Nigeria Victor Osimhen
83%
C Guinea Amadou Diawara
67%
D Albania - Kosovo Amir Rrahmani
67%
C Camerun André Zambo Anguissa
67%
C Italia Antonio Vergara
67%
C Svizzera Blerim Džemaili
67%
A Belgio Cyril Ngonge
67%
A Brasile David Neres
67%
C Germania Diego Demme
67%
C Macedonia Eljif Elmas
67%
A Italia Emanuele Calaiò
67%
C Italia Emanuele Giaccherini
67%
C Spagna Fabián Ruiz
67%
D Algeria Faouzi Ghoulam
67%
A Argentina Germán Denis
67%
A Italia Giacomo Raspadori
67%
D Italia Giovanni Di Lorenzo
67%
A Argentina Giovanni Simeone
67%
A Italia Giuseppe Mascara
67%
C Svizzera Gökhan Inler
67%
A Argentina Gonzalo Higuaín
67%
C Costa D'Avorio Hamed Traorè
67%
C Algeria Hassan Yebda
67%
D Croazia Ivan Strinić
67%
C Brasile - Italia Jorginho
67%
D Colombia Juan Camilo Zúñiga
67%
D Brasile Juan Jesus
67%
D Senegal Kalidou Koulibaly
67%
C Belgio Kevin De Bruyne
67%
D Francia Kévin Malcuit
67%
A Georgia Khvicha K'varatskhelia
67%
D Corea Del Sud Kim Min-jae
67%
D Grecia Kōstas Manōlas
67%
A Italia Leonardo Pavoletti
67%
D Italia Leonardo Spinazzola
67%
A Italia Lorenzo Insigne
67%
C Slovacchia Marek Hamšík
67%
D Portogallo Mário Rui
67%
D Uruguay Mathías Olivera
67%
D Italia Matteo Contini
67%
C Marocco Omar El Kaddouri
67%
D Italia Paolo Cannavaro
67%
C Polonia Piotr Zieliński
67%
D Spagna Raúl Albiol
67%
A Italia Roberto Insigne
67%
D Italia Salvatore Aronica
67%
D Olanda Sam Beukema
67%
C Scozia Scott McTominay
67%
A Italia Simone Verdi
67%
C Slovacchia Stanislav Lobotka
67%
D Spagna Víctor Ruiz
67%
D Romania Vlad Chiricheș
67%
C Uruguay Walter Gargano
67%
D Italia Alessandro Buongiorno
50%
C Brasile Allan
50%
D Italia Andrea Dossena
50%
D Inghilterra Axel Tuanzebe
50%
D Polonia Bartosz Bereszyński
50%
C Scozia Billy Gilmour
50%
P Italia Davide Marfella
50%
C Spagna David López
50%
P Italia Elia Caprile
50%
D Albania Elseid Hysaj
50%
D Italia Erminio Rullo
50%
A Austria Erwin Hoffer
50%
D Brasile - Italia Fabiano Santacroce
50%
A Italia Fabio Quagliarella
50%
D Argentina Federico Fernández
50%
P Brasile Gabriel
50%
P Italia Gennaro Iezzo
50%
A Brasile Giovane
50%
D Argentina Hugo Campagnaro
50%
C Svezia Jens Cajuste
50%
C Argentina Jesús Dátolo
50%
C Argentina José Ernesto Sosa
50%
C Belgio Leander Dendoncker
50%
D Norvegia Leo Skiri Østigård
50%
D Italia Lorenzo Tonelli
50%
P Italia Luigi Sepe
50%
C Italia Marco Donadel
50%
C Croazia Marko Rog
50%
A Spagna Michu
50%
D Uruguay Miguel Ángel Britos
50%
D Spagna Miguel Gutiérrez
50%
C Italia Mirko Valdifiori
50%
D Brasile Natan
50%
C Inghilterra - Sierra Leone Nathaniel Chalobah
50%
P Argentina Nicolás Navarro
50%
D Serbia Nikola Maksimović
50%
A Svizzera Noah Okafor
50%
C Danimarca Philip Billing
50%
A Brasile Piá
50%
P Italia Pierluigi Gollini
50%
A Italia Roberto De Zerbi
50%
A Argentina Roberto Sosa
50%
D Capo Verde - Portogallo Rolando
50%
P Italia Salvatore Sirigu
50%
C Francia Tiémoué Bakayoko
50%
C Svizzera Valon Behrami
50%
C Italia Alberto Grassi
33%
D Italia Alessandro Gamberini
33%
D Italia Alessandro Zanoli
33%
A Italia Alessio Zerbin
33%
A Italia Andrea Petagna
33%
A Italia Andrea Russotto
33%
P Italia Antonio Rosati
33%
D Brasile Bruno Uvini
33%
C Italia Christian Maggio
33%
A Italia Cristiano Lucarelli
33%
C Italia Daniele Mannini
33%
D Brasile Emílson Sánchez Cribari
33%
C Italia Francesco Montervino
33%
D Italia Giandomenico Mesto
33%
A | C Italia Gianluca Gaetano
33%
D Italia Gianluca Grava
33%
D Argentina - Israele Ignacio Fideleff
33%
C Danimarca Jesper Lindstrøm
33%
C Canada - Olanda Jonathan de Guzmán
33%
C Algeria Karim Zedadka
33%
D Italia Luca Marianucci
33%
A Uruguay Marcelo Zalayeta
33%
C Uruguay Mariano Bogliacino
33%
C Italia Mario Santana
33%
P Italia Matteo Gianello
33%
D Italia Maurizio Domizzi
33%
C Italia Michele Pazienza
33%
A Italia Nicolao Dumitru
33%
D Italia Pasquale Mazzocchi
33%
D Paraguay Rubén Maldonado
33%
D Italia Sebastiano Luperto
33%
C Francia Tanguy Ndombele
33%
D Italia Vasco Regini
33%
D Italia Andrea Cupi
17%
D Francia Anthony Réveillère
17%
A Argentina Cristian Chávez
17%
C Italia Davide Bariti
17%
A Italia Giuseppe Ambrosino
17%
D Austria - Ungheria György Garics
17%
D Brasile Henrique
17%
D Polonia Igor Łasicki
17%
C Croazia Josip Radošević
17%
D Italia Leandro Rinaudo
17%
P Italia Luca Bucci
17%
C Italia Luca Cigarini
17%
C Italia Luigi Vitale
17%
C Italia Manuele Blasi
17%
C Italia Marco Capparella
17%
C Italia Massimiliano Ammendola
17%
D Italia Mirko Savini
17%
C Uruguay Nicolás Amodio
17%
D Spagna Rafa Marín
17%
C Italia Raffaele Maiello
17%
P Italia Roberto Colombo
17%
C Italia Samuele Dalla Bona
17%
P Italia Simone Scuffet
17%
P Spagna Toni Doblas
17%
A Marocco Walid Cheddira
17%
C Italia Michael Folorunsho
0%
Nessun quiz corrispondente trovato
Distribuzione punteggi
Percentuale di utenti per punteggio
Percentile per numero di risposta
I tuoi punteggi nel tempo
Non hai fatto questo quiz dall'ultimo reset